Coreografia dei corpi angelici. Una (a)teologia dell'intelligenza collettiva per il buon uso dei mondi virtuali (Record n. 81614)
[ formato base ]
| 000 -LEADER | |
|---|---|
| fixed length control field | 01339nam a2200289Ia 4500 |
| 001 - CONTROL NUMBER | |
| control field | D1287 |
| 003 - CONTROL NUMBER IDENTIFIER | |
| control field | IT-RoPAU |
| 008 - FIXED-LENGTH DATA ELEMENTS--GENERAL INFORMATION | |
| fixed length control field | 130308s9999 xx 000 0 und d |
| 040 ## - CATALOGING SOURCE | |
| Original cataloging agency | IT-RoPAU |
| 040 ## - CATALOGING SOURCE | |
| Transcribing agency | IT-RoPAU |
| 041 ## - LANGUAGE CODE | |
| Language code of text/sound track or separate title | ITALIANO |
| 100 ## - MAIN ENTRY--PERSONAL NAME | |
| Personal name | Levy Pierre |
| 100 ## - MAIN ENTRY--PERSONAL NAME | |
| Miscellaneous information | Codice Aut. SPICS: 31720 |
| 245 ## - TITLE STATEMENT | |
| Title | Coreografia dei corpi angelici. Una (a)teologia dell'intelligenza collettiva per il buon uso dei mondi virtuali |
| 245 ## - TITLE STATEMENT | |
| Remainder of title | Cibernauti. Tecnologia, Comunicazione, Democrazia-2-Ciberfilosofia |
| 250 ## - EDITION STATEMENT | |
| Edition statement | 1a ed. |
| 260 ## - PUBLICATION, DISTRIBUTION, ETC. (IMPRINT) | |
| Place of publication, distribution, etc. | ROMA |
| 260 ## - PUBLICATION, DISTRIBUTION, ETC. (IMPRINT) | |
| Name of publisher, distributor, etc. | Castelvecchi |
| 260 ## - PUBLICATION, DISTRIBUTION, ETC. (IMPRINT) | |
| Date of publication, distribution, etc. | 1995 [1° Ed.:1995 - Ed.Ling.Originale:1995] |
| 300 ## - PHYSICAL DESCRIPTION | |
| Extent | "26 p. (prefazione: no ; testo: 26 [pagine: 22-47])" |
| 500 ## - GENERAL NOTE | |
| General note | Tradizione Farabiana. intelletto Agente. Dai mondi Angelici Ai mondi Virtuali. Dove Il collettivo Umano Comunica con Se Stesso senza passare per Il Cielo. Fonti: Dall'Uno al Multiplo. Luce Dall'Alto e Luce dal Basso. Dalla profezia All'Esplorazione. Enigma e Desiderio. Problema del Male. Intelletto, Intelligibile e Intelligente. pensiero continuo al di Là dell'Interpretazione. Intelligibile o la sintesi del Sensibile. Dall'Altro Mondo al Mondo dell'Altro. tre Liberta'. |
| 650 ## - SUBJECT ADDED ENTRY--TOPICAL TERM | |
| Topical term or geographic name as entry element | SAGGI SULLA MULTIMEDIALITA' |
| 650 ## - SUBJECT ADDED ENTRY--TOPICAL TERM | |
| Relator term | Codice materia Spics: 4257 |
| 942 ## - ADDED ENTRY ELEMENTS (KOHA) | |
| Koha item type | LIBRO |
| 957 ## - | |
| -- | 1 |
| 999 ## - SYSTEM CONTROL NUMBERS (KOHA) | |
| -- | 1 |
| Withdrawn status | Lost status | Damaged status | Not for loan | Home library | Current library | Date acquired | Total Checkouts | Full call number | Date last seen | Price effective from | Koha item type | Public note |
|---|---|---|---|---|---|---|---|---|---|---|---|---|
| Buone Condizioni | Not For Loan | SPICS-MEDIATECA | SPICS-MEDIATECA | 08/03/2013 | D1287 | 08/03/2013 | 08/03/2013 | LIBRO | Progressivo inserimento: 19841 / N. Volumi: 0 [=Contributo] Copie: 1 / data import: 1 marzo 2013 - By Epidotti, Trombetti, Vaglietti. |